New thinkers of public administration: (Record no. 164833)

MARC details
000 -LEADER
fixed length control field 00610nam a22001817a 4500
005 - DATE AND TIME OF LATEST TRANSACTION
control field 20190528162414.0
010 ## - LCCN (DPL NO)
LC control number ENG-125339
020 ## - INTERNATIONAL STANDARD BOOK NUMBER
International Standard Book Number 9788181523211
Terms of availability 700.00
035 ## - SYSTEM CONTROL NUMBER
System control number EN-108871
037 ## - SOURCE OF ACQUISITION
Source of stock number/acquisition DBAD/PUB
082 ## - DEWEY DECIMAL CLASSIFICATION NUMBER
Classification number 350
100 ## - MAIN ENTRY--PERSONAL NAME
Personal name Chauhan, Rajesh
245 ## - TITLE STATEMENT
Title New thinkers of public administration:
Statement of responsibility, etc by Rajesh Chauhan
Remainder of title concepts and views/
260 ## - PUBLICATION, DISTRIBUTION, ETC. (IMPRINT)
Place of publication, distribution, etc Jaipur
Name of publisher, distributor, etc Book Enclave
Date of publication, distribution, etc 2013
270 ## - ADDRESS
Address F-11,S.S. Tower, Dhamani Street Chaura Rasta,
City Jaipur
Postal code 302003
Electronic mail address bookenclavre@yahoo.com
Telephone number 141-2311900, 9414443132
300 v# - PHYSICAL DESCRIPTION
Extent vii192p.
Dimensions 22cm(Hb)
942 ## - ADDED ENTRY ELEMENTS (KOHA)
Source of classification or shelving scheme Dewey Decimal Classification
Item type English Books
Call number suffix CHA
Classification part 350
Holdings
Withdrawn status Lost status Not for loan Collection code Home library Current library Date acquired Source of acquisition Cost, normal purchase price Full call number Barcode Copy number Cost, replacement price Koha item type
      Non-fiction Andrews Gunj Andrews Gunj 28/05/2019 DBAD/PUB 700.00 350 CHA EN-108871 1 700.00 English Books

© Delhi Public Library
Hit Counter
free hit counter